Statistics for Top Cities with 4 Syllables or More

Click here to take the quiz!

General Stats

  • This quiz has been taken 50 times
    (37 since last reset)
  • The average score is 41 of 87

Answer Stats

HintAnswer% Correct
MexicoMexico City
88%
ArgentinaBuenos Aires
84%
US (California)Los Angeles
84%
US (New York)New York City
84%
BrazilRio de Janeiro
84%
CaliforniaSan Francisco
84%
EgyptAlexandria
81%
South AfricaJohannesburg
81%
KuwaitKuwait City
81%
US (Pennsylvania)Philadelphia
81%
US (California)Sacramento
81%
ChileSantiago
81%
EthiopiaAddis Ababa
78%
SpainBarcelona
78%
MoroccoCasablanca
78%
PanamaPanama City
78%
RussiaSaint Petersburg
78%
US (Utah)Salt Lake City
78%
United Arab EmiratesAbu Dhabi
75%
GuatemalaGuatemala City
75%
VietnamHo Chi Minh City
75%
US (Indiana)Indianapolis
75%
MalaysiaKuala Lumpur
75%
US (Minnesota)Minneapolis
75%
US (California)San Diego
75%
Dominican RepublicSanto Domingo
75%
UruguayMontevideo
72%
PakistanRawalpindi/Islamabad
72%
US (Texas)San Antonio
72%
El SalvadorSan Salvador
72%
MongoliaUlaanbaatar
72%
MadagascarAntananarivo
69%
DenmarkCopenhagen
69%
TanzaniaDar es Salaam
69%
MexicoGuadalajara
69%
SomaliaMogadishu
69%
BrazilBelo Horizonte
66%
PakistanHyderabad
63%
India (Telangana)Hyderabad
63%
ChadN'Djamena
63%
LiberiaMonrovia
59%
BrazilPorto Alegre
56%
SpainValencia
56%
VenezuelaValencia
56%
India (Gujurat)Ahmedabad
50%
JapanHiroshima
50%
US (Missouri)Kansas City
50%
RussiaNizhny Novgorod
50%
Burkina FasoOuagadougou
50%
BrazilFortaleza
47%
US (Virginia)Virginia Beach
47%
RussiaNovosibirsk
44%
IndonesiaSurabaya
44%
South AfricaPort Elizabeth
41%
RussiaYekaterinburg
41%
PakistanFaisalabad
38%
BrazilCuritiba
34%
Dem. Rep. of CongoLubumbashi
34%
ColombiaBarranquilla
28%
ArgentinaRosario
22%
NigeriaBenin City
19%
TurkeyGaziantep
19%
India (Uttar Pradesh)Varanasi
19%
VenezuelaBarquisimeto
13%
ColombiaBucaramanga
13%
BoliviaCochabamba
13%
PakistanGujranwala
13%
JapanKitakyushu
13%
HondurasSan Pedro Sula
13%
IndonesiaYogyakarta
13%
MexicoSan Luis Potosi
9%
India (Gujurat)Vadodara
9%
India (Andhra Pradesh)Visakhapatnam
9%
India (Odisha)Bhubaneswar
6%
JapanHamamatsu
6%
NigeriaMaiduguri
6%
JapanOkayama
6%
IndonesiaSurakarta
6%
BrazilVitoria
6%
India (Maharashtra)Aurangabad
3%
MexicoQueretaro
3%
MalaysiaBandar Lampung
0%
India (Punjab)Ludhiana
0%
India (Uttar Pradesh)Moradabad
0%
IndonesiaPekanbaru
0%
India (Tamil Nadu)Tiruchirappalli
0%
India (Andhra Pradesh)Vijayawada
0%

Score Distribution

Percentile by Number Answered

Percent of People with Each Score

Your Score History

You have not taken this quiz since the last reset